| 000 | 01499nam a2200253Ia 4500 | ||
|---|---|---|---|
| 003 | Ost | ||
| 005 | 20260507075441.0 | ||
| 008 | 260507s9999||||xx |||||||||||||| ||und|| | ||
| 020 | _a9789957222710 | ||
| 040 | _cfsecg | ||
| 041 | _aara | ||
| 082 | _a332.12 | ||
| 100 |
_aجلدة، سامر _eمؤلف |
||
| 245 | 0 |
_aالبنوك التجارية والتسويق المصرفي / _c سامر جلدة |
|
| 260 |
_aعمان: _bدار اسامة, _c2009 |
||
| 300 |
_a256 صفحة؛ _bإيضاحات ؛ _c24 سم |
||
| 504 | _aببليوغرافيا: ص.253-256 | ||
| 520 | _aماهية البنوك التجارية، نشاط وأنواع البنوك التجارية، علاقة البنوك التجارية بالبنك المركزي، ادارة السيولة المصرفية، الاستراتيجيات الأساسية لإدارة وجذب الودائع المصرفية، أساسيات منح القروض والائتمان، بعض الاتجاهات الحديثة في مجال الخدمة المصرفية، التحليل المالي...اطار عام، الرقابة على الأداء العام للبنك، التسويق المصرفي والخدمات المصرفية، شركات التأمين والبنوك الاسلامية، البنوك الالكترونية | ||
| 653 | _aالاقتصاد المالي | ||
| 653 | _aالبنوك الاسلامية | ||
| 653 | _aالبنوك التجارية | ||
| 653 | _aالتسويق | ||
| 942 | _cكتاب | ||
| 999 |
_c44564 _d44564 |
||